مكتبة جامعة عجلون الوطنية

فهرس بحث المكتبة

Normal view MARC view
  • احوال اقتصادية-سياسة اقتصادية-صناعات-فلسطين

Entry Topical Term

Number of records used in: 1

001 - CONTROL NUMBER

  • control field: 7329

003 - CONTROL NUMBER IDENTIFIER

  • control field: JO-AjAnu

005 - DATE AND TIME OF LATEST TRANSACTION

  • control field: 20230606071503.0

008 - FIXED-LENGTH DATA ELEMENTS

  • fixed length control field: 230606|| aca||aabn | a|a d

040 ## - CATALOGING SOURCE

  • Original cataloging agency: JO-AjAnu
  • Transcribing agency: JO-AjAnu

150 ## - HEADING--TOPICAL TERM

  • Topical term or geographic name entry element: احوال اقتصادية-سياسة اقتصادية-صناعات-فلسطين

670 ## - SOURCE DATA FOUND

  • Source citation: Work cat.: (JO-AjAnu)3792: مكحول،باسم/نصر عطياني؛التحرير اللغوي عبدالرحمن ابو شمالة(عربي)،كارن مان(انجليزي)؛ترجمة الملخص الانجليزي سمير محمود, author 7328, هيكل التكاليف واقتصاديات الحجم في الصناعات الفلسطينية واثرهما على القدرة التنافسية